Zo šampionátu SR vzpieračov tituly i sklamanie

Bibliographic Details
Main Author: kg (Author)
Format: Article
Language:Slovak
Subjects:

MARC

LEADER 00000nab a2200000 a 4500
001 vtls000917521
003 SK-MaSNL
005 20260303034102.0
008 040720e19920514xo 0 slo
035 |a KE26399 
040 |a KEVKJB  |b slo  |c KEVKJB  |e AACR2 
041 0 |a slo 
044 |a xo  |c SK 
080 |a 796.88  |2 1981 
100 0 |a kg  |4 aut  |9 873366 
245 1 0 |a Zo šampionátu SR vzpieračov tituly i sklamanie 
611 1 7 |a majstrovstvá Slovenska  |2 KEVKJB  |9 873318 
650 0 7 |a šport  |2 KEVKJB  |9 1042 
650 0 7 |a vzpieranie  |2 KEVKJB  |9 3253 
650 0 7 |a Košičania  |2 KEVKJB  |9 29810 
650 0 7 |a umiestnenie  |2 KEVKJB  |9 873446 
651 7 |a KE,  |2 KEVKJB  |9 877256 
655 7 |a periodikum  |2 snkbucl  |9 29553 
773 0 8 |t Košický večer  |g Roč. 3  |g Roč. 28, č.93, 14.5.1992, s. 8 
852 |a ZVYKNI  |b KIS3GCP 
999 |c 1672313  |d 1674243